Basic Questions You Should Know Quiz Stats

 Plays Quiz not verified by Sporcle

Score 0/11 Timer 02:00
0 Plays Today
Hint Answer % Correct
What is the capital of France?Paris
97.6%
Which Fast-Food chain has the slogan 'Im Lovin It'?McDonalds
92.8%
Who was the 2nd president?John Adams'
88%
What is the biggest planet in our solar system?Jupiter
88%
What religion has the most followers?Christian'
85.5%
Which MLB Team has 27 world series wins?New York Yankees'
73.5%
Which singer made the song 'Roar'Katy Perry
67.5%
What does Buenos Dias mean in english?Good Morning
65.1%
What gameshow has the host Pat Sajak Wheel Of Fortune
60.2%
Which movie involves 24 tributes to fight to the death?Hunger Games
54.2%
Who was the author of 'The Fault in Our Stars'?John Green
32.5%

You're not logged in!

Compare scores with friends on all Sporcle quizzes.
Join for Free
OR
Log In

You Might Also Like...

Show Comments

Extras

Created Nov 25, 2014ReportNominate
Tags:basic

Top Quizzes Today


Score Distribution

Your Account Isn't Verified!

In order to create a playlist on Sporcle, you need to verify the email address you used during registration. Go to your Sporcle Settings to finish the process.

Report this User

Report this user for behavior that violates our Community Guidelines.

Details: